| 000 | 00960cab a2200265 4500 | ||
|---|---|---|---|
| 001 | WB3114-45 | ||
| 008 | 090401t1995 xxu||||| |||| 00| 0 eng d | ||
| 035 | _a(Sirsi) u46336 | ||
| 041 | _aeng | ||
| 245 | _aOccupancy as secure tenant | ||
| 260 | _c1995 | ||
| 350 | _a0 | ||
| 490 |
_aTimes _v3 April 1995, 30(1) |
||
| 520 | _a"Basingstoke and Deane BC v Paice" CA 17 March 1995. The tenant of a dwellinghouse which formed part of business premises of which his landlord was the intermediate lessee under a tenancy granted by the local authority, became a secure tenant under the Housing Act 1985 upon surrender of the mesne tenancy. | ||
| 650 | _aBASINGSTOKE AND DEANE BC V PAICE | ||
| 650 | _aBREACH OF COVENANT | ||
| 650 | _aHOUSING ACT 1980 | ||
| 650 | _aHOUSING ACT 1985 | ||
| 650 | _aMESNE TENANCY | ||
| 650 | _aRENT ACT 1977 | ||
| 650 | _aSECURE TENANTS | ||
| 690 | _aLANDLORD AND TENANT-CASE LAW | ||
| 942 | _n0 | ||
| 948 | _c04/03/1997 | ||
| 999 |
_c29315 _d29315 |
||